Power and gold : jewelry from Indonesia, Malaysia, and the Philippines : from the collection of the Barbier-Muller Museum, Geneva

Bibliographic Details
Main Author: Rodgers, Susan
Corporate Authors: Asia Society, Smithsonian Institution
Other Authors: Ferrazzini, Pierre-Alain, Rodgers, Susan , 1949
Format: Book
Published: Geneva : Barbier-Muller Museum , 1988
Subjects:

MARC

LEADER 00000cam a2200000 7i4500
001 0000037906
002 000008657
005 20000331.0
090 0 0 |a 739.270959   |b ROD 
100 1 |a Rodgers, Susan 
245 1 0 |a Power and gold :   |b jewelry from Indonesia, Malaysia, and the Philippines : from the collection of the Barbier-Muller Museum, Geneva   |c text by Susan Rodgers ; photography by P.-A. Ferrazzini 
260 |a Geneva :   |b Barbier-Muller Museum ,   |c 1988 
300 |a 351 p. ;   |c 27 cm. 
610 2 0 |a Musee Barbier-Muller   |x Exhibitions 
650 0 0 |a Jewelry   |z Indonesia   |x Exhibitions 
650 0 0 |a Jewelry   |z Malaysia   |x Exhibitions 
650 0 0 |a Jewelry   |z Philippines   |x Exhibitions 
700 0 |a Ferrazzini, Pierre-Alain 
700 0 |a Rodgers, Susan ,   |d 1949 
710 2 |a Asia Society 
710 2 |a Smithsonian Institution. ,   |c Traveling Exhibition Service 
999 |a 016031   |b BUKU   |c PINJAMAN   |e PERPUSTAKAAN KOMUNITI PETALING JAYA